000
00229nam a22000857a 4500
008
160704b xxu||||| |||| 00| 0 eng d
100
_9
2067
_a
Sharma, R.D
245
_a
The Story of Rice
260
_a
New Delhi
_b
National Book Trust
_c
1991
999
_c
1764
_d
1764